Statistiques concernant Orthographe - Le féminin des adjectifs #2

Cliquez ici pour prendre le quiz!

Statistiques générales

  • Ce quiz a été pris 121 fois
  • Le résultat moyen est 19 sur 20

Statistiques - réponses

MasculinFéminin% Correct
completcomplète
100%
secretsecrète
100%
facilefacile
100%
longlongue
100%
légerlégère
100%
douxdouce
100%
fraisfraîche
98%
repletreplète
97%
noirnoire
97%
concretconcrète
97%
andalouandalouse
97%
discretdiscrète
97%
bonbonne
97%
oblongoblongue
94%
falotfalote
93%
grecgrecque
92%
enchanteurenchanteresse
83%
tierstierce
80%
béninbénigne
79%
absousabsoute
71%

Distribution des résultats

Percentile par nombre de réponses

% des personnes avec chaque résultat

Votre développement - résultats

Vous n’avez pas pris ce quiz